[Event "BCF-chT3 0405 (4NCL)"]
[Site "Telford"]
[Date "2005.02.27"]
[Round "6.6"]
[White "Adams, Mark"]
[Black "Wilcox, Stephen"]
[Result "1-0"]
[WhiteElo "2001"]
[BlackElo "1920"]
[PlyCount "83"]
[EventDate "2004.11.06"]
[EventType "team"]
[EventRounds "11"]
[EventCountry "ENG"]
[SourceTitle "EXT 2006"]
[Source "ChessBase"]
[SourceDate "2005.11.24"]
[SourceVersion "1"]
[SourceVersionDate "2005.11.24"]
[SourceQuality "1"]
[WhiteTeam "SW Dragons II"]
[BlackTeam "The ADS II"]
[WhiteTeamCountry "ENG"]
[BlackTeamCountry "ENG"]

1. e4 e5 2. Nf3 f5 3. Nxe5 Qf6 4. d4 d6 5. Nc4 fxe4 6. Nc3 Qg6 7. Ne3 c6 8. d5 Nf6 9. dxc6 bxc6 10. Ne2 d5 11. c4 Bb4+ 12. Bd2 Bxd2+ 13. Qxd2 0-0 14. cxd5 Bg4 15. h3 Bxe2 16. Bxe2 Rd8 17. Qa5 Qe8 18. Rd1 cxd5 19. Nxd5 Nc6 20. Nxf6+ gxf6 21. Rxd8 Rxd8 22. Qc3 Nd4 23. Bd1 Qb5 24. h4 Qf5 25. Rh3 Nf3+ 26. Bxf3 exf3 27. Rg3+ Kh8 28. Rxf3 Qb1+ 29. Ke2 Qd1+ 30. Ke3 Re8+ 31. Kf4 Qd6+ 32. Kg4 Re4+ 33. Kh3 Qe6+ 34. Kh2 Qd6+ 35. g3 Rxh4+ 36. Kg2 Rh6 37. Qe3 Kg7 38. Qxa7+ Kg6 39. Qe3 Qc6 40. Qb3 Qc1 41. Qg8+ Kh5 42. Rf5+ 1-0